|
|
|
|
| LEADER |
00981nam a22002417a 4500 |
| 001 |
41189 |
| 003 |
BD-DhAAL |
| 008 |
230511t2007 ko ||||| |||| 00| 0 kor d |
| 020 |
|
|
|a 9788950912765
|
| 020 |
|
|
|a 8950912767
|
| 040 |
|
|
|a BD-DhAAL
|c BD-DhAAL
|
| 082 |
|
|
|a 650.1
|
| 100 |
|
|
|a Jin-hong, Jeong,
|d [1963-]
|9 54208
|
| 245 |
|
|
|a Meet management in the forest of humanities :
|b Jeong Jin-Hong’s humanities management /
|c Jeong Jin-hong.
|
| 260 |
|
|
|a Paju, South Korea :
|b 21 North 21st Century Books,
|c 2007.
|
| 300 |
|
|
|a 360 pages ;
|c 23 cm.
|
| 541 |
|
|
|a Complimentary copy from Dr. Sang Hoon Lee, Dean of Brac Business School, Brac University
|e 41189
|
| 650 |
|
|
|a Business.
|
| 650 |
|
|
|a Management.
|
| 852 |
|
|
|a Ayesha Abed Library
|c General Stacks
|
| 942 |
|
|
|2 ddc
|c BK
|
| 999 |
|
|
|c 45748
|d 45748
|
| 952 |
|
|
|0 0
|1 0
|2 ddc
|4 0
|6 650_100000000000000_JIN
|7 0
|9 73626
|a BRACUL
|b BRACUL
|c GEN
|d 2023-05-11
|e Complimentary copy from Dr. Sang Hoon Lee
|l 0
|o 650.1 JIN
|p 3010041189
|r 2023-05-11
|t 1
|w 2023-05-11
|y BK
|